Argentina: de la revolución de independencia a la confederación Rosista
Saved in:
| Hovedforfatter: | |
|---|---|
| Format: | Bog |
| Sprog: | spansk |
| Udgivet: |
Buenos Aires
Paidós
1985
|
| Serier: | Comisión Historia Argentina, 3
|
| Fag: | |
| Tags: |
Tilføj Tag
Ingen Tags, Vær først til at tagge denne postø!
|
MARC
| LEADER | 00000nam a2200000 a 4500 | ||
|---|---|---|---|
| 001 | UCX1549 | ||
| 003 | CL-VaPUC | ||
| 008 | 900925e19850000AG |||||||||||||||||spa|d | ||
| 082 | 0 | 4 | |a 982.03 |b HAL |2 21 |
| 100 | |a Halperín Donghi, Tulio |e author |9 530101 | ||
| 245 | 1 | 0 | |a Argentina: de la revolución de independencia a la confederación Rosista |
| 300 | |a 430 p | ||
| 942 | |c BK | ||
| 945 | |d 19900925 00:00:00 | ||
| 260 | |a Buenos Aires |b Paidós |c 1985 | ||
| 650 | 0 | |a Historia |9 255047 | |
| 651 | 0 | |a Argentina |9 254888 | |
| 583 | |a last modification |c 19900925 00:00:00 |k Rodrigo Vera | ||
| 490 | 0 | |a Comisión Historia Argentina, 3 | |
| 999 | |c 222753 |d 222751 | ||
| 952 | |0 0 |1 0 |4 0 |6 982_030000000000000_HAL_1985 |7 0 |8 A |9 217917 |a BIBHIS |b BIBHIS |d 2019-11-15 |i 2867818 |o 982.03 HAL 1985 |p 2867818 |r 2025-01-20 |w 2019-11-15 |y BK |k HIS | ||